| 000 | 00616nam a2200193 a 4500 | ||
|---|---|---|---|
| 005 | 20240809063840.0 | ||
| 008 | 081108s2000 mx r 000 0 spa d | ||
| 020 | _a968742026X | ||
| 035 | _aUPN01000165816 | ||
| 049 | _aUNE | ||
| 080 | _a328.36 (72) "2002" INN. | ||
| 245 | 0 | 0 | _aInnovación en gobiernos locales: Un panorama de experiencias municipales en México/ coordinado por Enrique Cabrero Mendoza. |
| 260 | _aMéxico: CIDE, 2002. | ||
| 300 | _a593 p.; 21 cm. il. | ||
| 500 | _aPremio Gobierno y Gestión Local | ||
| 690 |
_aGobierno local _917057 |
||
| 690 | _aGobierno municipal | ||
| 905 | _aUNESCO | ||
| 999 |
_c137928 _d137928 |
||